000 00628cam0 22002291ib4500
001 BY-MI0000-br605717
005 20211222131739.0
100 ^a20110401d2011 y0rusy50 ca
101 0 ^arus
102 ^aRU
105 ^aa z 000yy
200 1 ^a13 сокровищ
^fХаррисон,М.
210 ^aМ.
^cЭксмо
^d2011
215 ^a362 с.
300 ^a4100 экз.
690 ^a1
^2Base
^9BY-MI0000
^xRSEK
700 1 ^aХаррисон
^bМ.
801 0 ^aBY
^bBY-MI0000
^c20110401
^gpsbo
801 2 ^aBY
^bBY-MI0000
^c20190320
^gpsbo
899 ^aBY-MI0000
^h84